000 00606nam a2200229Ia 4500
003 OSt
005 20221007072446.0
006 a|||||r|||| 00| 0
007 ta
008 221006b |||||||| |||| 00| 0 eng d
024 _a14,859
037 _cTextual
040 _aFLL
_cFLL
_beng
041 _2eng
_aeng
082 _aV2:2:N0, E0
100 _aMacdonald J.R. Au.
_9690695
245 0 _aGovernment of india
260 _aLondon
_bSwarthmore press, ltd. London
_c1910
300 _a291p
_ccm.
942 _hV2:2:N0, E0
_cTEXL
_2CC
999 _c1146133
_d1146133